Strzelcy bramek w 3 kolejce Ekstraklasy 2020/21 - Statystyki

Ogólne statystyki
  • Ten quiz został rozwiązany 12 razy
  • Średni wynik to 9 z 23
Statystyki odpowiedzi
Hint Odpowiedź % Poprawnych
Jagiellonia Białystok - Podbeskidzie 0:1 Biliński
80%
Śląsk Wrocław - Lech Poznań 0:1 Ishak
70%
Śląsk Wrocław - Lech Poznań 2:3 Ishak
70%
Wisła Płock - Legia Warszawa 0:1 Pekhart
70%
Jagiellonia Białystok - Podbeskidzie 2:2 Imaz
60%
Śląsk Wrocław - Lech Poznań 3:3 Pich
60%
Pogoń Szczecin - Wisła Kraków 1:1 (bramka samobójcza) Klemenz
50%
Śląsk Wrocław - Lech Poznań 2:2 Ramirez
50%
Śląsk Wrocław - Lech Poznań 1:1 Celeban
40%
Górnik Zabrze - Lechia Gdańsk 1:0 Jimenez
40%
Raków Częstochowa - Zagłębie Lubin 1:0 Gutkovskis
30%
Górnik Zabrze - Lechia Gdańsk 2:0 Nowak
30%
Jagiellonia Białystok - Podbeskidzie 1:2 Puljic
30%
Cracovia - Stal Mielec 1:1 Szymonowicz
30%
Cracovia - Stal Mielec 0:1 Tomczyk
30%
Pogoń Szczecin - Wisła Kraków 0:1 Carlos
20%
Pogoń Szczecin - Wisła Kraków 1:2 Chuca
20%
Śląsk Wrocław - Lech Poznań 2:1 Scalet
20%
Górnik Zabrze - Lechia Gdańsk 3:0 Ściślak
20%
Raków Częstochowa - Zagłębie Lubin 2:1 Sirk
20%
Raków Częstochowa - Zagłębie Lubin 2:0 Tijanic
20%
Pogoń Szczecin - Wisła Kraków 2:2 Triantafyllopoulos
20%
Jagiellonia Białystok - Podbeskidzie 0:2 Rzuchowski
10%
Nie znaleziono quizów pasujących do podanych kryteriów
Rozkład punktacji
Procent ludzi z każdym wynikiem
Percentyl według liczby udzielonych odpowiedzi
Twoja historia wyników
Nie rozwiązałeś tego quizu